Displacer y trascendencia en el arte
Salvato in:
| Autore principale: | |
|---|---|
| Natura: | Libro |
| Lingua: | spagnolo |
| Pubblicazione: |
Santiago
Universitaria
1978
|
| Serie: | Colección Ideas e Indagaciones
|
| Soggetti: | |
| Tags: |
Aggiungi Tag
Nessun Tag, puoi essere il primo ad aggiungerne!!
|
MARC
| LEADER | 00000cam a2200000 a 4500 | ||
|---|---|---|---|
| 001 | UCZ6122 | ||
| 003 | CL-VaPUC | ||
| 005 | 20230929123436.0 | ||
| 008 | 951201e19780000CL |||||||||||||||||spa|d | ||
| 999 | |c 242378 |d 242376 | ||
| 040 | |c Pontificia Universidad Católica de Valparaíso | ||
| 082 | 0 | 4 | |a 701.17 ADV 1978 |2 21 |
| 100 | 0 | |a Advis Vitaglich, Luis |e author |9 350342 | |
| 245 | 1 | 0 | |a Displacer y trascendencia en el arte |
| 260 | |a Santiago |b Universitaria |c 1978 | ||
| 300 | |a 185 p | ||
| 490 | 0 | |a Colección Ideas e Indagaciones | |
| 583 | |a last modification |c 20190624 10:31:17 |k Rodrigo Vera | ||
| 650 | 0 | |a Estética |9 264950 | |
| 650 | 0 | |a Artes |9 268202 | |
| 650 | 0 | |a Ritmo |9 306417 | |
| 650 | 0 | |a Música |9 306269 | |
| 650 | 0 | |a Literatura |9 259151 | |
| 650 | 0 | |a Obras de arte |9 337253 | |
| 650 | 0 | |a Bellas artes |9 334299 | |
| 942 | |c BK |2 ddc | ||
| 945 | |d 19951201 00:00:00 |a cmena | ||
| 952 | |0 0 |1 0 |4 0 |6 701_170000000000000_ADV_1978 |7 0 |8 P |9 255262 |a BIBEDU |b BIBEDU |d 2019-11-19 |i 1600826 |o 701.17 ADV 1978 |p 1600826 |r 2019-11-19 |w 2019-11-19 |y BK |k FIL | ||
| 952 | |0 0 |1 0 |3 erb |4 0 |6 701_170000000000000_ADV_1978 |7 0 |8 A |9 255263 |a BIBART |b BIBART |d 2019-11-19 |i 5010373 |l 2 |o 701.17 ADV 1978 |p 5010373 |r 2025-03-13 |s 2023-10-16 |w 2019-11-19 |y BK |z Catalogado en:20130930 |k ART | ||